000 004010000a22001090004500
100 1 _aSabean, Roberto
245 1 0 _aCosta Rica dialogue : íTo what lengths political discourse has come!
300 _aVol. 84, No. 3 (Noviembre, 2004-Febrero, 2005), Páginas 14-15
500 _aRobert Sabean LAM, Misionary in Costa Rica. La Nación, August 3, 2004
773 0 _tLatin America Evangelist
942 _cANA
999 _c59588
_d59588